Normal view
MARC view
- Gómez Ordóñez, Flor de María
Entry Nombre Personal
001 - NUMERO DE CONTROL
- campo de control: 54345
003 - IDENTIFICADOR DE NUMERO DE CONTROL
- campo de control: MX-MxUPN
005 - FECHA Y HORA DE LA ÜLTIMA TRANSACCIÓN
- campo de control: 20241028151119.0
008 - DATOS DE LONGITUD FIJA
- campo de control de longitud fija: 241028|| aca||aabn | aaa d
040 ## - FUENTE DE CATALOGACIÓN
- Agencia original de catalogación: MX-MxUPN
- Lenguaje de catalogación: spa
- Agencia de transcripción: MX-MxUPN
100 1# - ENCABEZAMIENTO - NOMBRE PERSONAL
- Nombre personal: Gómez Ordóñez, Flor de María
670 ## - FUENTE EN LA QUE SE LOCALIZARON DATOS
- Cita de la fuente: Jacoba : la que habla con el corazón, 2016:
- Información localizada: portada (Flor de María Gómez Ordóñez)
902 ## - CATALOGADOR
- Catalogador: Víctor Ruiz/281024
